Datum a čas kvízu

36 Celkem bodů Celkový počet nahraných bodů na tomto kvízu bez doplňovacích otázek.
4. Pořadí na kvízu Konečné umístění týmu na tomto kvízu.

Zaznamenané odpovědi

# Otázka Odpověď Body Výsledky
1. Který z bývalých českých premi... Jiří Paroubek 1
2. Minulý týden byl zveřejněn žeb... Karlův most 0
3. Česká herečka a zpěvačka Eva B... Tristan William 1
4. Společnost Slovalco se sídlem... hliník 1
5. Adam Ondra vybojoval na mistro... Německo, Mnichov 0
6. V tomto tématu se budeme věnov... Otradovic 1
7. Přiřaďte následující skladatel... 1A 2B 3D 4C 1
8. Po přistání na povrchu Měsíce... Antonín Dvořák, Symfonie č. 9 1
9. Tento muž byl hercem, písničká... Karel Hašler 0
10. V roce 2022 uvedla Akademie po... Jaroslav Uhlíř 1